000
00205nam a22000857a 4500
100
_a
Lalcy Kuruvila, P.
245
_a
Rubber thottathile nursary
260
_b
Rubber, 700(September): 22-23.
_c
2024
942
_c
JS
999
_c
75355
_d
75355